Gödel, Escher, Bach : un eterno y grácil bucle /
Guardado en:
| Autor Principal: | |
|---|---|
| Otros Autores: | |
| Formato: | Libro |
| Idioma: | Spanish English |
| Publicado: |
Barcelona :
Tusquets,
2007.
|
| Series: | Fábula (Barcelona) ;
269 |
| Materias: | |
| Etiquetas: |
Agregar Etiqueta
Sin Etiquetas, Sea el primero en etiquetar este registro!
|
| LEADER | 01152nam a22002775a 4500 | ||
|---|---|---|---|
| 001 | MAT.inmabb005992 | ||
| 008 | 091006s2007####sp#a#####b####001#0dspa#d | ||
| 005 | 20130403163922.0 | ||
| 245 | 1 | 0 | |a Gödel, Escher, Bach : |b un eterno y grácil bucle / |c Douglas R. Hofstadter ; [traducción de Mario Arnaldo Usabiaga Bandizzi y Alejandro López Rousseau]. |
| 260 | |a Barcelona : |b Tusquets, |c 2007. | ||
| 300 | |a xxix, 882 p. : |b il. ; |c 21 cm. | ||
| 490 | 0 | |a Fábula ; |v 269 | |
| 500 | |a Traducción de: Gödel, Escher, Bach : an eternal golden braid. New York : Basic Books, 1979. | ||
| 504 | |a Incluye bibliografía (p. 805-819) e índices. | ||
| 510 | 4 | |a MR, |c 80j:03009 |3 (de la versión original) | |
| 020 | |a 9788483830246 | ||
| 100 | 1 | |a Hofstadter, Douglas R., |d 1945- | |
| 240 | 1 | 0 | |a Gödel, Escher, Bach. |l Español |
| 700 | 1 | |a Usabiaga, Mario. |4 trl | |
| 830 | 0 | |a Fábula (Barcelona) ; |v 269 | |
| 084 | |a 03A05 (00A05 60Gxx 92B05) |2 msc2000 | ||
| 600 | 1 | 7 | |a Bach, Johann Sebastian, |d 1685-1750. |
| 600 | 1 | 7 | |a Escher, M. C. |q (Maurits Cornelis), |d 1898-1972. |
| 600 | 1 | 7 | |a Gödel, Kurt, |d 1906-1978. |
| 041 | 1 | |a spa |h eng | |
| 859 | |h 03 |i H713e |p A-8587 |b BIB. MATEMATICA | ||
